00437nam a22001337a 4500020001800000082001700018245013400035260003400169300001500203650002300218650001800241700002000259700002400279 a9783030137878 a155.2 bSOC- aSocial psychology in action:bevidence based interventions from theory to practice/cedited by Kai Sassenberg, Michael L.W. Vliek aSwitzerland:bSpringer,c2019 axvi, 242p. aSocial psychology  aConsciousness aSassenberg, Kai aVliek, Michael L.W.